01070nam a22001817a 4500003000900000005001700009007000300026008003100029020001900060040002500079100001800104245013700122260003400259300002900293500046000322500007400782504003200856DO-SdBNP20220630122549.0ta210622b 2021 dr a 00| 0 eng d a 9789945097436 aDO-SdBNPbspacBNPHU1 aMatos, Gilda 10aArte y violencia de género :b en las bienales nacionales de artes visuales, Santo Domingo, República Dominicana /cGilda Matos. aSanto Domingo :bBuho,c2021. a179 p. :bil. ;c23 cm.  aEsta investigación fue realizada en la Universidad Autónoma de Santo Domingo, Facultad de Artes, tesis de cuatro niveles para optar por título Maestría en Artes Visuales, bajo la asesoría de la Dra. Zoila Anitza Guitiérrez, promoción 2012-2014, terminada en noviembre 2018, bajo el título original Expresión de la violencia de género en las 23, 24 y 26 bienalñes nacionales de artes visuales, Santo Domingo, República Dominicana. aIncluye datos biográficos de la autora en la solapa de la cubierta. aBibliografía : p. 153-157